| 000 | 01630nam a22004337a 4500 | ||
|---|---|---|---|
| 003 | CHAP | ||
| 005 | 20220329143359.0 | ||
| 008 | 090203s2008 mx a r 00010 spa d | ||
| 010 | _a95748 | ||
| 011 | _a96720 | ||
| 035 | _a107376 | ||
| 040 | _cCHAP | ||
| 090 | _aTesis | ||
| 100 | 1 |
_aCalvo Arriaga, Ayne Oliva _917617 |
|
| 245 | 1 | 0 |
_aMapas de preferencia y propiedades reológicas de cuatro cultivares de nopalito (Opuntia spp.) _c/por Ayne Oliva Calvo Arriaga |
| 260 |
_aChapingo, Méx. : _bEl autor, _c2008 |
||
| 300 |
_axiv, 97 h. : _bilus., cuadtros, gráfs. |
||
| 502 | _aTesis (Ing. Agroindustrial) -- UACH. Departamento de Ingeniería Agroindustrial | ||
| 530 | _aTambién disponible en línea | ||
| 590 |
_aALEPH _b10 _c20130110 _lUCH01 _h1526 |
||
| 590 |
_aBATCH-UPD _b10 _c20130110 _lUCH01 _h1804 |
||
| 590 |
_aBATCH-UPD _b10 _c20130410 _lUCH01 _h1140 |
||
| 590 |
_aBATCH-UPD _b10 _c20130914 _lUCH01 _h1841 |
||
| 590 |
_aBATCH-UPD _b10 _c20140324 _lUCH01 _h1509 |
||
| 590 |
_aBATCH-UPD _b10 _c20141002 _lUCH01 _h0838 |
||
| 590 |
_aBATCH _b00 _c20181121 _lUCH01 _h0759 |
||
| 590 |
_aCONVERSION _b10 _c20130109 _lUCH01 _h1353 |
||
| 650 | 1 | 4 |
_aNopal _xConsumo. _981660 |
| 650 | 1 | 4 |
_aNopal _xMucílago. _981686 |
| 650 | 1 | 4 |
_aNopal _xProducción. _981692 |
| 650 | 1 | 4 |
_aNopal _xVariedades. _981703 |
| 650 | 1 | 4 |
_aReología. _995982 |
| 856 |
_3Finding aid _uhttp://10.13.5.2/tesis/107376.pdf _zTeclea aqui |
||
| 856 |
_a1 _n0001148 |
||
| 901 | _aBK | ||
| 942 | _cFOLL | ||
| 949 |
_aTesis _bBC _cTES _d33724002082314 _eTS1 _gdonaciØn _h48684 _i107376 _sb |
||
| 949 |
_aTesis _bBC _cTES _d33724002082355 _eTS2 _fc.2 _gDonaciØn _h48685 _i107376 _sb |
||
| 999 |
_c95748 _d95748 |
||